书目信息 |
| 题名: |
报废汽车绿色拆解与零部件再制造
|
|
| 作者: | 贝绍轶 , 韩冰源 , 李国庆 编著 | |
| 分册: | ||
| 出版信息: | 北京 化学工业出版社 2025.01 |
|
| 页数: | 204页 | |
| 开本: | 26cm | |
| 丛书名: | ||
| 单 册: | ||
| 中图分类: | X734.205 | |
| 科图分类: | ||
| 主题词: | 汽车--qi che--废物回收--高等学校--教材 | |
| 电子资源: | ||
| ISBN: | 978-7-122-46575-7 | |
| 000 | 01350nam0 2200301 450 | |
| 001 | 89524 | |
| 005 | 20250814162401.24 | |
| 010 | @a978-7-122-46575-7@dCNY65.00 | |
| 100 | @a20241231d2025 em y0chiy50 ea | |
| 101 | 0 | @achi |
| 102 | @aCN@b110000 | |
| 105 | @aa a 000yy | |
| 106 | @ar | |
| 200 | 1 | @a报废汽车绿色拆解与零部件再制造@Abao fei qi che lv se chai jie yu ling bu jian zai zhi zao@f贝绍轶, 韩冰源, 李国庆等编著 |
| 205 | @a第2版 | |
| 210 | @a北京@c化学工业出版社@d2025.01 | |
| 215 | @a204页@c图@d26cm | |
| 314 | @a贝绍轶, 江苏理工学院教授, 江苏省新能源汽车动力系统集成控制重点建设实验室主任、江苏省报废汽车绿色拆解与再制造工程技术研究中心主任, 从事智能交通系统模拟与先进控制技术研究, 在理论、方法、实践经验及试验条件等方面具有一定的积累。 | |
| 320 | @a有书目 | |
| 330 | @a本书全面论述了报废汽车绿色拆解与零部件再制造领域的新成果、新进展及发展趋势。在原书第一版出版后的八年多时间里, 报废汽车拆解与再制造技术取得了显著进展, 这些技术与研究成果均在本书第二版中得到了充分反映, 包含了许多国内外更新的研究成果。 | |
| 333 | @a江苏省高等学校重点教材 | |
| 606 | 0 | @a汽车@Aqi che@x废物回收@x高等学校@j教材 |
| 690 | @aX734.205@v5 | |
| 701 | 0 | @a贝绍轶@Abei shao yi@4编著 |
| 701 | 0 | @a韩冰源@Ahan bing yuan@4编著 |
| 701 | 0 | @a李国庆@Ali guo qing@4编著 |
| 801 | 0 | @aCN@c20250909 |
| 905 | @a河南城建学院图书馆@dX734.205@eB690=2@f1 | |
| 报废汽车绿色拆解与零部件再制造/贝绍轶, 韩冰源, 李国庆等编著.-第2版.-北京:化学工业出版社,2025.01 |
| 204页:图;26cm |
| 使用对象:江苏省高等学校重点教材 |
| ISBN 978-7-122-46575-7:CNY65.00 |
| 本书全面论述了报废汽车绿色拆解与零部件再制造领域的新成果、新进展及发展趋势。在原书第一版出版后的八年多时间里, 报废汽车拆解与再制造技术取得了显著进展, 这些技术与研究成果均在本书第二版中得到了充分反映, 包含了许多国内外更新的研究成果。 |
| ● |
| 相关链接 |
|
|
|
正题名:报废汽车绿色拆解与零部件再制造
索取号:X734.205/B690=2
 
预约/预借
| 序号 | 登录号 | 条形码 | 馆藏地/架位号 | 状态 | 备注 |
| 1 | 1623486 | 216234867 | 自科库501/501自科库 108排2列6层/ [索取号:X734.205/B690=2] | 在馆 |